000 01107cab a22002175a 4500
001 L156645
008 120618e2012 xxk 000 0 eng d
035 _a(Sirsi) u156645
041 0 _aeng
100 1 _aStewart, Sarah
245 0 0 _aMarkets
_bKent, Surrey and Sussex
260 _c2012
490 0 _aProperty Week
_v78(24) 15 June 2012, 53-60(5)
520 _aRound-up of news from the Kent, Surrey and Sussex commercial property markets: twelve struggling towns in Kent are about to receive their Portas high street project funding; Bromley Town Council starts search for investor to redevelop its town centre; Hastings is given £8.5m government funding to commence the next phase of its Priory Quarter, a speculative 25 000 sq ft office scheme; and Aviva Investors will not be selling its south-eastern properties within its £989m Mall Fund. Describes how Bluewater shopping centre will compete with Westfield Stratford during the summer shopping Olympics.
590 _aKA
651 4 _aKent
651 4 _aSussex
651 4 _aSurrey
690 _aCommercial property
_96227
942 _n0
999 _c84103
_d84103